000 00682cab a2200229 4500
001 X1100
008 090401t1993 xxu||||| |||| 00| 0 eng d
035 _a(Sirsi) u14688
041 _aeng
100 _aEnsom, T.
245 _aHow to deal with defective work
260 _c1993
350 _a0
490 _aCS Monthly
_bthe Building Surveyor
_v3(2) October 1993, 5(1)
650 _aContracts
_96232
650 _aDEFECTS
650 _aBUILT ENVIRONMENT-BUILDING CONTRACT FORMS-STANDARD FORMS OF BUILDING CONTRACT-JOINT CONTRACTS TRIBNUAL CONTRACTS
650 _aNEGLGENCE
690 _aBUILDING AND CONSTRUCTION-DEFECTS AND FAILURES
942 _n0
948 _c04/03/1997
999 _c9585
_d9585